عرض عادي
عرض مارك
- Wessex Institute of Technology.
مدخل إسم هيئة
001 - رقم الضبط
- حقل الضبط: 11980
003 - معرف رقم الضبط
- حقل الضبط: OSt
005 - تاريخ ووقت أخر عملية
- حقل الضبط: 20120427155249.0
008 - عناصر بيانات ثابتة الطول
- حقل تحكم ثابت الطول: 120427|||a|||||| | ||| d
040 ## - مصدر الفهرسة
- هيئة الفهرسة الأصلية: OSt
- وكالة الكتابة: OSt
110 ## - مدخل -- أسم شخص
- اسم الهيئه او اسم السلطه كعنصر مدخل: Wessex Institute of Technology.
670 ## - بيانات المصدر موجوده
- الاستشهاد بالمصدر: Work cat.: (OSt)24145: International Conference on Tribology and Design (3rd : 2010 : Algarve, Portugal) 11974, Tribology & design /, c2010.
